|
|
|
|
| LEADER |
01768nam a2200361Ia 4500 |
| 001 |
EBC3377921 |
| 003 |
MiAaPQ |
| 005 |
20200520144314.0 |
| 006 |
m o d | |
| 007 |
cr cn||||||||| |
| 008 |
940509s1994 dcu s f100 0 eng d |
| 010 |
|
|
|z 94016817
|
| 020 |
|
|
|z 0309055040 (v. 1)
|
| 035 |
|
|
|a (MiAaPQ)EBC3377921
|
| 035 |
|
|
|a (Au-PeEL)EBL3377921
|
| 035 |
|
|
|a (CaPaEBR)ebr10078114
|
| 035 |
|
|
|a (OCoLC)923274271
|
| 040 |
|
|
|a MiAaPQ
|c MiAaPQ
|d MiAaPQ
|
| 050 |
|
4 |
|a HE336.C66
|b N38 1994
|
| 110 |
2 |
|
|a National Research Council (U.S.).
|b Commission on Behavioral and Social Sciences and Education.
|b Committee for Study on Urban Transportation Congestion Pricing.
|
| 245 |
1 |
0 |
|a Committee report and recommendations
|h [electronic resource] :
|b peak-period fees to relieve traffic congestion /
|c Committee for Study on Urban Transportation Congestion Pricing, Transportation Research Board, Commission on Behavioral and Social Sciences and Education, National Research Council.
|
| 260 |
|
|
|a Washington, DC :
|b National Academy Press,
|c c1994.
|
| 300 |
|
|
|a x, 145 p.
|
| 490 |
0 |
|
|a Curbing gridlock ;
|v v.1
|
| 490 |
0 |
|
|a Special report ;
|v 242
|
| 500 |
|
|
|a Papers presented and discussed at a symposium held in Washington, D.C., in 1993.
|
| 533 |
|
|
|a Electronic reproduction. Ann Arbor, MI : ProQuest, 2015. Available via World Wide Web. Access may be limited to ProQuest affiliated libraries.
|
| 650 |
|
0 |
|a Congestion pricing
|z United States
|v Congresses.
|
| 650 |
|
0 |
|a Traffic congestion
|z United States
|v Congresses.
|
| 650 |
|
0 |
|a Transportation and state
|z United States
|v Congresses.
|
| 655 |
|
4 |
|a Electronic books.
|
| 710 |
2 |
|
|a ProQuest (Firm)
|
| 856 |
4 |
0 |
|u https://ebookcentral.proquest.com/lib/matrademy/detail.action?docID=3377921
|z Click to View
|